000 01060nam a2200277Ia 4500
003 OSt
005 20221005104825.0
006 a|||||r|||| 00| 0
007 ta
008 221004b |||||||| |||| 00| 0 hin d
020 _a8173120463 (hbk)
_c495
024 _a100166
037 _b404, 22/03/2010, Swaraj Prakashan
_cTextual
040 _aCRL
_cCRL
_bhin
041 _2hin
_ahin
082 _a4:(X), 152P5
100 _aझुनझुनवाला, भरत
245 0 _aआर्थिक पत्रकारिता
246 _aĀrthik patrakāritā
260 _aदिल्ली
_bश्री नटराज प्रकाशन भारत
_c2005
300 _a248पृ0
_ccm.
650 _aहिन्दी पत्रकारिता
700 _a गौतम, रूपचन्द, संपा.
942 _h4:(X), 152P5
_cTEXL
_2cc
999 _c1013904
_d1013904